Central Library and Information Centre
Sibsagar Girls' College, Sivasagar : Assam

RAHAR RAHDOI (Record no. 6131)

MARC details
000 -LEADER
fixed length control field 00345cam a2200157ua 4500
008 - FIXED-LENGTH DATA ELEMENTS--GENERAL INFORMATION
fixed length control field 120418n II |||gr||||Z||||||asm
040 ## - CATALOGING SOURCE
Original cataloging agency MAIN
041 ## - LANGUAGE CODE
-- English
082 ## - DEWEY DECIMAL CLASSIFICATION NUMBER
Classification number 891.453 RAH
100 ## - MAIN ENTRY--PERSONAL NAME
Personal name ASOM SAHITIYA SABHA .
245 ## - TITLE STATEMENT
Title RAHAR RAHDOI
260 ## - PUBLICATION, DISTRIBUTION, ETC.
Place of publication, distribution, etc. JORHAT
Name of publisher, distributor, etc. AXOM SAHITYA SABHA
942 ## - ADDED ENTRY ELEMENTS (KOHA)
Koha item type Books
653 ## - INDEX TERM--UNCONTROLLED
Uncontrolled term Galpa
Holdings
Withdrawn status Lost status Damaged status Not for loan Collection code Home library Current library Shelving location Date acquired Full call number Barcode Date last seen Copy number Price effective from Koha item type
        REFASM Central Library and Information Centre Sibsagar Girls College Central Library and Information Centre Sibsagar Girls College   02.05.1979 891.453 RAH 05542 27.02.2020 1 27.02.2020 Books


Sibsagar Girl's College © 2020. All rights reserved.
Powered by Koha.
Maintained by Abhijit Borpuzari.